Синтез Ag-CeO2 катализаторов для окисления сажи; Перспективы развития фундаментальных наук; Т. 2 : Химия

Bibliographic Details
Parent link:Перспективы развития фундаментальных наук=Prospects of Fundamental Sciences Development: сборник научных трудов XIV Международной конференции студентов, аспирантов и молодых ученых, г. Томск, 25-28 апреля 2017 г./ Национальный исследовательский Томский политехнический университет (ТПУ) ; под ред. И. А. Курзиной, Г. А. Вороновой.— , 2017
Т. 2 : Химия.— 2017.— [С. 220-222]
Main Author: Садливская М. В.
Other Authors: Литвякова Н. Н. (научный руководитель), Зайковский В. И., Мамонтов Г. В.
Summary:Заглавие с экрана
In the present study the series of Ag-CeO2 catalysts were synthesized by co-precipitation and impregnation techniques. Porous structure of catalysts was studied by low-temperature N2 sorption, structure of catalysts was characterized by XRD, TEM HR and TPR methods. The catalytic properties of catalysts were studied in the oxidation of soot by simultaneous thermal analysis (STA 449 F1, NETZSCH). It was shown that formation of small Ag nanopartilces (3‒10 nm) took place for Ag/CeO2 catalysts. All catalysts had high activity in soot oxidation and regulation of Ag-CeO2 interaction may be use to increase activity of catalysts.
Language:Russian
Published: 2017
Subjects:
Online Access:http://earchive.tpu.ru/handle/11683/44528
Format: Electronic Book Chapter
KOHA link:https://koha.lib.tpu.ru/cgi-bin/koha/opac-detail.pl?biblionumber=624564

MARC

LEADER 00000naa2a2200000 4500
001 624564
005 20231101133323.0
035 |a (RuTPU)RU\TPU\conf\23824 
035 |a RU\TPU\conf\23817 
090 |a 624564 
100 |a 20171124d2017 k y0rusy50 ca 
101 0 |a rus  |d eng 
102 |a RU 
105 |a y z 100zy 
135 |a drcn ---uucaa 
181 0 |a i  
182 0 |a b 
200 1 |a Синтез Ag-CeO2 катализаторов для окисления сажи  |d Synthesis of Ag-CeO2 catalysts for soot oxidation  |f М. В. Садливская, Н. Н. Литвякова, В. И. Зайковский  |g науч. рук. Г. В. Мамонтов 
203 |a Текст  |c электронный 
230 |a 1 компьютерный файл (pdf; 485 Kb) 
300 |a Заглавие с экрана 
320 |a [Библиогр.: с. 222 (4 назв.)] 
330 |a In the present study the series of Ag-CeO2 catalysts were synthesized by co-precipitation and impregnation techniques. Porous structure of catalysts was studied by low-temperature N2 sorption, structure of catalysts was characterized by XRD, TEM HR and TPR methods. The catalytic properties of catalysts were studied in the oxidation of soot by simultaneous thermal analysis (STA 449 F1, NETZSCH). It was shown that formation of small Ag nanopartilces (3‒10 nm) took place for Ag/CeO2 catalysts. All catalysts had high activity in soot oxidation and regulation of Ag-CeO2 interaction may be use to increase activity of catalysts. 
461 1 |0 (RuTPU)RU\TPU\conf\21388  |t Перспективы развития фундаментальных наук  |l Prospects of Fundamental Sciences Development  |o сборник научных трудов XIV Международной конференции студентов, аспирантов и молодых ученых, г. Томск, 25-28 апреля 2017 г.  |o в 7 т.  |f Национальный исследовательский Томский политехнический университет (ТПУ) ; под ред. И. А. Курзиной, Г. А. Вороновой  |d 2017 
463 1 |0 (RuTPU)RU\TPU\conf\21390  |t Т. 2 : Химия  |v [С. 220-222]  |d 2017 
510 1 |a Synthesis of Ag-CeO2 catalysts for soot oxidation  |z eng 
610 1 |a электронный ресурс 
610 1 |a катализаторы 
610 1 |a загрязнения 
610 1 |a источники выбросов 
610 1 |a окисление 
610 1 |a соосаждение 
700 1 |a Садливская  |b М. В. 
701 1 |a Литвякова  |b Н. Н. 
701 1 |a Зайковский  |b В. И. 
702 1 |a Мамонтов  |b Г. В.  |4 727 
801 2 |a RU  |b 63413507  |c 20171206  |g RCR 
856 4 |u http://earchive.tpu.ru/handle/11683/44528 
942 |c BK